[Event "Riga FIDE Grand Prix 2019"]
[Site "Riga LAT"]
[Date "2019.07.22"]
[Round "7"]
[White "Mamedyarov, Shakhriyar"]
[Black "Vachier-Lagrave, Maxime"]
[Result "1-0"]
[WhiteElo "2765"]
[BlackElo "2775"]
[PlyCount "55"]
[EventDate "2019.07.12"]

1. d4 Nf6 2. c4 g6 3. Nc3 d5 4. cxd5 Nxd5 5. e4 Nxc3 6. bxc3 Bg7 7. Qa4+ Qd7 8.
Qa3 b6 9. Nf3 Bb7 10. Bd3 O-O 11. O-O c5 12. Bf4 cxd4 13. cxd4 Nc6 14. d5 Na5
15. Rac1 Rfc8 16. h3 e6 17. d6 f6 18. e5 Bxf3 19. exf6 Bxf6 20. gxf3 e5 21. Bd2
Rxc1 22. Rxc1 Rc8 23. Rxc8+ Qxc8 24. Kg2 Bd8 25. Be4 Qe6 26. Qd3 Kg7 27. Bc3
Qf6 28. Kf1 1-0

[Event "Riga FIDE Grand Prix 2019"]
[Site "Riga LAT"]
[Date "2019.07.23"]
[Round "8"]
[White "Vachier-Lagrave, Maxime"]
[Black "Mamedyarov, Shakhriyar"]
[Result "1-0"]
[WhiteElo "2775"]
[BlackElo "2765"]
[PlyCount "63"]
[EventDate "2019.07.12"]

1. e4 e5 2. Nf3 Nc6 3. Bc4 Bc5 4. c3 Nf6 5. d3 d6 6. O-O h6 7. Re1 O-O 8. h3 a5
9. Nbd2 Be6 10. Bb5 Qb8 11. Nf1 Qa7 12. Be3 Bxe3 13. Nxe3 Ne7 14. a4 Rad8 15.
Bc4 Bxc4 16. Nxc4 Nd7 17. d4 Qa6 18. Ne3 Rfe8 19. Qc2 exd4 20. Nxd4 c6 21. Ndf5
Nf6 22. Rad1 Nc8 23. f3 d5 24. Qf2 Re6 25. Qg3 Ne8 26. exd5 cxd5 27. Nxd5 Kf8
28. Qh4 Rd7 29. Nde3 Ncd6 30. Nd4 Re5 31. Ng4 Rd5 32. Ne5 1-0

[Event "2nd GP Series ((tie-break)) 2019"]
[Site "Riga LAT"]
[Date "2019.07.24"]
[Round "4"]
[White "Mamedyarov, Shakhriyar"]
[Black "Vachier-Lagrave, Maxime"]
[Result "1/2-1/2"]
[WhiteElo "2765"]
[BlackElo "2775"]
[PlyCount "45"]
[EventDate "2019.07.12"]

1. d4 Nf6 2. c4 g6 3. Nc3 d5 4. cxd5 Nxd5 5. e4 Nxc3 6. bxc3 Bg7 7. Qa4+ Qd7 8.
Qa3 b6 9. Nf3 c5 10. Bd3 Nc6 11. Bb5 a6 12. O-O Bb7 13. Bxc6 Bxc6 14. d5 Bb5
15. Re1 O-O 16. Bb2 c4 17. Bc1 e6 18. Be3 exd5 19. Rad1 Rfe8 20. exd5 Ba4 21.
Rc1 Bf8 22. Qb2 b5 23. Qd2 1/2-1/2

[Event "2nd GP Series ((tie-break)) 2019"]
[Site "Riga LAT"]
[Date "2019.07.24"]
[Round "4"]
[White "Vachier-Lagrave, Maxime"]
[Black "Mamedyarov, Shakhriyar"]
[Result "1/2-1/2"]
[WhiteElo "2775"]
[BlackElo "2765"]
[PlyCount "91"]
[EventDate "2019.07.12"]

1. e4 e5 2. Nf3 Nc6 3. Bc4 Bc5 4. c3 Nf6 5. d3 d6 6. O-O h6 7. Re1 O-O 8. Nbd2
Ne7 9. Nf1 Ng6 10. Ng3 c6 11. d4 exd4 12. Nxd4 Re8 13. h3 d5 14. exd5 Rxe1+ 15.
Qxe1 Bxd4 16. cxd4 Nxd5 17. Bd3 Ndf4 18. Bc2 Be6 19. Bxf4 Nxf4 20. Qe4 Ng6 21.
Qe3 Nf8 22. Re1 Qa5 23. Qe5 Qxe5 24. dxe5 Rd8 25. b3 g5 26. Ne4 Rd4 27. h4 gxh4
28. f4 Bd5 29. Nf6+ Kh8 30. f5 Nd7 31. Nxd7 Rd2 32. e6 fxe6 33. f6 Kg8 34. Bd3
Rxg2+ 35. Kf1 h3 36. Be4 Bxe4 37. Rxe4 Kf7 38. Rh4 Rd2 39. Nc5 h2 40. Ne4 Rxa2
41. Rxh6 h1=Q+ 42. Rxh1 Ra1+ 43. Kg2 Rxh1 44. Kxh1 a5 45. Nd6+ Kxf6 46. Nxb7
1/2-1/2

[Event "2nd GP Series ((tie-break)) 2019"]
[Site "Riga LAT"]
[Date "2019.07.24"]
[Round "4"]
[White "Mamedyarov, Shakhriyar"]
[Black "Vachier-Lagrave, Maxime"]
[Result "1/2-1/2"]
[WhiteElo "2765"]
[BlackElo "2775"]
[PlyCount "112"]
[EventDate "2019.07.12"]

1. d4 Nf6 2. c4 g6 3. Nc3 d5 4. cxd5 Nxd5 5. e4 Nxc3 6. bxc3 Bg7 7. Qa4+ Qd7 8.
Qa3 b6 9. Nf3 c5 10. Bd3 Nc6 11. Bb5 a6 12. O-O Bb7 13. Bxc6 Bxc6 14. Re1 f5
15. dxc5 fxe4 16. Nd4 bxc5 17. Qxc5 Bd5 18. Ba3 Rc8 19. Qa5 O-O 20. Bxe7 Rfe8
21. Bg5 Bc4 22. Be3 Bd3 23. Rac1 Rc4 24. Nb3 Qb5 25. Qxb5 axb5 26. Bd4 Bh6 27.
Ra1 Rec8 28. h3 Bg7 29. Rac1 Bh6 30. Ra1 Bg7 31. a3 Bxd4 32. cxd4 b4 33. axb4
Rxb4 34. Ra3 Rcb8 35. Nc5 Rxd4 36. Ra7 Rc8 37. Ne6 Rd5 38. Rea1 Re5 39. Nd4 Rd5
40. R1a4 Rd6 41. Re7 Rcd8 42. Ne6 R6d7 43. Rxd7 Rxd7 44. Ra8+ Kf7 45. Nf8 Re7
46. Nxh7 e3 47. fxe3 Rxe3 48. Ng5+ Kf6 49. Nf3 Re2 50. Rf8+ Kg7 51. Rf4 Re4 52.
Rxe4 Bxe4 53. Kf2 Kf6 54. Ke3 Bd5 55. Kf4 g5+ 56. Kg4 Kg6 1/2-1/2

[Event "2nd GP Series ((tie-break)) 2019"]
[Site "Riga LAT"]
[Date "2019.07.24"]
[Round "4"]
[White "Vachier-Lagrave, Maxime"]
[Black "Mamedyarov, Shakhriyar"]
[Result "1/2-1/2"]
[WhiteElo "2775"]
[BlackElo "2765"]
[PlyCount "48"]
[EventDate "2019.07.12"]

1. e4 e5 2. Nf3 Nc6 3. Bc4 Bc5 4. c3 Nf6 5. d3 d6 6. O-O h6 7. Re1 O-O 8. Nbd2
Ne7 9. Bb3 Ng6 10. d4 Bb6 11. Nc4 Be6 12. d5 Bd7 13. Nxb6 axb6 14. h3 Nh7 15.
Bc2 Qc8 16. g4 Qd8 17. Be3 Ng5 18. Kh2 Qf6 19. Kg3 Nf4 20. Rh1 Bb5 21. Ng1 Ne2+
22. Kg2 Nf4+ 23. Kg3 Ne2+ 24. Kg2 Nf4+ 1/2-1/2

[Event "2nd GP Series ((tie-break)) 2019"]
[Site "Riga LAT"]
[Date "2019.07.24"]
[Round "4"]
[White "Vachier-Lagrave, Maxime"]
[Black "Mamedyarov, Shakhriyar"]
[Result "0-1"]
[WhiteElo "2775"]
[BlackElo "2765"]
[PlyCount "90"]
[EventDate "2019.07.12"]

1. e4 e5 2. Nf3 Nc6 3. Bc4 Bc5 4. c3 Nf6 5. d3 d6 6. O-O h6 7. Re1 O-O 8. h3 a5
9. Nbd2 Be6 10. Bb5 Qb8 11. Nf1 Qa7 12. Be3 Bxe3 13. Nxe3 a4 14. d4 Qa5 15. Bd3
Ne7 16. Nf5 Bxf5 17. exf5 Nc6 18. dxe5 Nxe5 19. Nxe5 dxe5 20. Qe2 Rfe8 21. Be4
c6 22. Rad1 Qc5 23. a3 Rad8 24. Rxd8 Rxd8 25. Bc2 b5 26. Kf1 Rd5 27. Be4 Nxe4
28. Qxe4 Qd6 29. g3 f6 30. Re2 Rd1+ 31. Re1 Rd2 32. Re2 Rd1+ 33. Re1 Rd5 34.
Re2 Kf7 35. Re3 Qd7 36. h4 Ke7 37. Qg4 Kd8 38. Re4 Kc7 39. c4 Rd1+ 40. Kg2 Qd3
41. Qxg7+ Kb6 42. c5+ Ka6 43. Rb4 Qd5+ 44. f3 Qd2+ 45. Kh3 h5 0-1

[Event "2nd GP Series ((tie-break)) 2019"]
[Site "Riga LAT"]
[Date "2019.07.24"]
[Round "4"]
[White "Mamedyarov, Shakhriyar"]
[Black "Vachier-Lagrave, Maxime"]
[Result "0-1"]
[WhiteElo "2765"]
[BlackElo "2775"]
[PlyCount "146"]
[EventDate "2019.07.12"]

1. d4 e6 2. c4 b6 3. Nf3 Bb7 4. Nc3 Nf6 5. a3 g6 6. d5 exd5 7. cxd5 Bg7 8. g3
O-O 9. Bg2 Re8 10. O-O Na6 11. Bf4 c6 12. dxc6 dxc6 13. Qxd8 Raxd8 14. Rfd1 Nd5
15. Nxd5 cxd5 16. Nd4 Nc5 17. Be3 Bxd4 18. Bxd4 Nb3 19. Rab1 Nxd4 20. Rxd4 Rxe2
21. Bf3 Rc2 22. Be4 Rc5 23. Rbd1 Kg7 24. R4d3 a5 25. Rd4 Bc6 26. b4 Rc3 27.
Bxd5 Ba4 28. R1d2 Rxa3 29. bxa5 bxa5 30. h4 Bb5 31. Rb2 Bc6 32. Rbd2 Ra4 33.
Rxa4 Bxa4 34. Ra2 Bb5 35. Bb3 Ra8 36. Ba4 Bxa4 37. Rxa4 Kf6 38. Kf1 Ke6 39. Ke2
Kd5 40. Kd3 Ra7 41. g4 Kc5 42. Kc3 Kb5 43. Re4 a4 44. Re5+ Kc6 45. Kb2 a3+ 46.
Ka2 Kd6 47. Re4 Kd5 48. f3 Rc7 49. Re3 Ra7 50. Re4 f5 51. Re8 Kd4 52. gxf5 gxf5
53. f4 Ra6 54. Re5 Rh6 55. Rxf5 Rxh4 56. Kxa3 Ke4 57. Rf7 h5 58. f5 Rf4 59. f6
Kf5 60. Kb3 Kg6 61. Ra7 Rxf6 62. Kc3 Rd6 63. Ra8 h4 64. Rg8+ Kf5 65. Rh8 Kg4
66. Rg8+ Kf3 67. Rh8 Kg3 68. Rg8+ Kh2 69. Rg4 h3 70. Rg8 Kh1 71. Rg7 h2 72. Rg8
Rd1 73. Kc2 Rg1 0-1

[Event "2nd GP Series ((tie-break)) 2019"]
[Site "Riga LAT"]
[Date "2019.07.24"]
[Round "4"]
[White "Vachier-Lagrave, Maxime"]
[Black "Mamedyarov, Shakhriyar"]
[Result "0-1"]
[WhiteElo "2775"]
[BlackElo "2765"]
[PlyCount "128"]
[EventDate "2019.07.12"]

1. Nf3 Nf6 2. g3 g6 3. Bg2 Bg7 4. c4 O-O 5. d4 d6 6. O-O Nbd7 7. Nc3 e5 8. Qc2
exd4 9. Nxd4 Re8 10. Rd1 a6 11. b3 Rb8 12. Bb2 Ne5 13. c5 d5 14. h3 Nc6 15.
Nxc6 bxc6 16. e4 Be6 17. exd5 cxd5 18. Qd2 Qe7 19. Rac1 Rbd8 20. Re1 Qd7 21.
Kh2 h5 22. Ne2 Bf5 23. c6 Qd6 24. Qf4 Qxf4 25. Nxf4 d4 26. Rxe8+ Nxe8 27. Rd1
h4 28. Bf1 hxg3+ 29. fxg3 a5 30. Bc4 Nd6 31. Bd5 Nb5 32. Bf3 Rd6 33. Rd2 Be5
34. Nd3 Bxd3 35. Rxd3 Nc3 36. a4 Nd5 37. Ba3 Rd8 38. Bc5 Ne3 39. Kg1 f5 40. Kf2
Kf7 41. b4 axb4 42. Bxb4 Rb8 43. Be1 Rb1 44. a5 Ra1 45. Rb3 Ra2+ 46. Be2 Nd5
47. Kf3 Kf6 48. g4 fxg4+ 49. hxg4 Ra1 50. Bh4+ g5 51. Bf2 Rxa5 52. Rb8 Ra3+ 53.
Ke4 Nc3+ 54. Kd3 Nd5+ 55. Kc4 Nb6+ 56. Kb5 d3 57. Bd1 Ra1 58. Bxb6 cxb6 59.
Rf8+ Ke7 60. Rf1 Kd6 61. Kc4 d2 62. Kd3 Bf4 63. Rh1 Ra3+ 64. Ke4 Re3+ 0-1

[Event "Biel Master Open 2019"]
[Site "Biel SUI"]
[Date "2019.07.22"]
[Round "1"]
[White "Raahul, V S."]
[Black "Xiong, Jeffery"]
[Result "0-1"]
[WhiteElo "2251"]
[BlackElo "2691"]
[PlyCount "64"]
[EventDate "2019.07.22"]

1. c4 g6 2. Nc3 c5 3. Nf3 Bg7 4. d4 cxd4 5. Nxd4 Nc6 6. e3 Nh6 7. Bd3 d6 8. O-O
O-O 9. Nde2 Ng4 10. b3 a6 11. Bb2 Qa5 12. h3 Nf6 13. Rc1 Bd7 14. a3 Rfc8 15.
Nd4 Rab8 16. Ne4 Nxd4 17. exd4 Nxe4 18. Bxe4 Qg5 19. Qf3 Qf6 20. Qd3 b5 21. c5
dxc5 22. dxc5 Qxb2 23. Qxd7 Qe5 24. c6 Qxe4 25. c7 Ra8 26. Rfd1 Qe6 27. Qd8+
Bf8 28. b4 Qb3 29. Rd3 Qb2 30. Rc6 Rxc7 31. Qxa8 Rxc6 32. Rd8 Qc1+ 0-1

[Event "Biel Master Open 2019"]
[Site "Biel SUI"]
[Date "2019.07.23"]
[Round "2"]
[White "Xiong, Jeffery"]
[Black "Notkevich, Benjamin Arvola"]
[Result "1-0"]
[WhiteElo "2691"]
[BlackElo "2497"]
[PlyCount "71"]
[EventDate "2019.07.22"]

1. e4 e6 2. d4 d5 3. Nc3 Bb4 4. Nge2 dxe4 5. a3 Be7 6. Nxe4 Nf6 7. Nxf6+ Bxf6
8. Be3 b6 9. Nf4 Bb7 10. Nh5 Nd7 11. Qg4 g6 12. Nxf6+ Nxf6 13. Qh4 Nd5 14. Bg5
f6 15. Bd2 Qd7 16. O-O-O O-O-O 17. Bc4 Qc6 18. b3 Kb8 19. Rhe1 b5 20. Bxd5 Qxd5
21. Qxf6 Rhf8 22. Qh4 Qxd4 23. Qxd4 Rxd4 24. f3 Rfd8 25. Rxe6 g5 26. Re2 g4 27.
f4 h5 28. Rde1 h4 29. f5 Bc6 30. f6 Rf8 31. Re7 Bxg2 32. Re8+ Rd8 33. Rxd8+
Rxd8 34. f7 Bc6 35. Bh6 g3 36. h3 1-0

[Event "Biel Master Open 2019"]
[Site "Biel SUI"]
[Date "2019.07.24"]
[Round "3"]
[White "Antipov, Mikhail Al"]
[Black "Xiong, Jeffery"]
[Result "1/2-1/2"]
[WhiteElo "2582"]
[BlackElo "2691"]
[PlyCount "79"]
[EventDate "2019.07.22"]

1. e4 c5 2. Nf3 Nc6 3. Bb5 g6 4. Bxc6 dxc6 5. d3 Bg7 6. Nc3 Nf6 7. Be3 b6 8. h3
O-O 9. Qd2 e5 10. Bh6 Qd6 11. Bxg7 Kxg7 12. b3 a5 13. a4 Ra7 14. Ne2 Rd8 15.
Qc3 Re7 16. Nd2 Ba6 17. O-O Nd7 18. f4 f6 19. f5 g5 20. g4 Rh8 21. h4 h5 22.
hxg5 hxg4 23. Kg2 fxg5 24. f6+ Nxf6 25. Ng3 Kg6 26. Nf5 Qe6 27. Nxe7+ Qxe7 28.
Rf5 Nh5 29. Rh1 Nf4+ 30. Rxf4 Rxh1 31. Rxg4 Bc8 32. Nf3 Bxg4 33. Nxe5+ Kh5 34.
Nxg4 Rh4 35. Ne3 Qf8 36. Qe5 Rf4 37. Nf5 Kg4 38. Ne3+ Kh5 39. Nf5 Kg4 40. Ne3+
1/2-1/2

[Event "Biel Master Open 2019"]
[Site "Biel SUI"]
[Date "2019.07.25"]
[Round "4"]
[White "Xiong, Jeffery"]
[Black "Santos Ruiz, Miguel"]
[Result "1-0"]
[WhiteElo "2691"]
[BlackElo "2567"]
[PlyCount "75"]
[EventDate "2019.07.22"]

1. d4 Nf6 2. c4 e6 3. Nc3 Bb4 4. Nf3 O-O 5. Bg5 h6 6. Bh4 c5 7. Rc1 cxd4 8.
Nxd4 d5 9. cxd5 g5 10. Bg3 Qxd5 11. e3 Qxa2 12. Bd3 Qxb2 13. O-O Bxc3 14. Rc2
Qb4 15. Nb5 e5 16. Rxc3 Nc6 17. f4 Bg4 18. Qc2 Nd5 19. Bc4 Be6 20. Rb1 Qe7 21.
Bxd5 Bxd5 22. fxe5 Nxe5 23. Rc7 Nd7 24. Qd2 Bc6 25. Nd4 Qe4 26. Rf1 Ne5 27. Nf5
Nc4 28. Qe2 Rae8 29. Nxh6+ Kg7 30. Nxf7 Qxe3+ 31. Qxe3 Nxe3 32. Be5+ Kg6 33.
Rf6+ Kh5 34. h3 Ng4 35. hxg4+ Kxg4 36. Nh6+ Kh5 37. g4+ Kh4 38. Nf5+ 1-0

[Event "Biel Master Open 2019"]
[Site "Biel SUI"]
[Date "2019.07.26"]
[Round "5"]
[White "Erdos, Viktor"]
[Black "Xiong, Jeffery"]
[Result "1/2-1/2"]
[WhiteElo "2603"]
[BlackElo "2691"]
[PlyCount "39"]
[EventDate "2019.07.22"]

1. Nf3 c5 2. c4 Nf6 3. Nc3 d5 4. cxd5 Nxd5 5. d4 Nxc3 6. bxc3 g6 7. e4 Bg7 8.
h3 O-O 9. Be2 b5 10. Be3 Bb7 11. Qd3 b4 12. cxb4 cxd4 13. Bxd4 Bxd4 14. Qxd4
Qxd4 15. Nxd4 Rd8 16. Rd1 Bxe4 17. O-O e5 18. Bf3 Bxf3 19. Nxf3 Nc6 20. b5
1/2-1/2

[Event "52nd Biel Grandmaster 2019"]
[Site "Biel SUI"]
[Date "2019.07.22"]
[Round "1"]
[White "Georgiadis, N."]
[Black "Shankland, S."]
[Result "0-1"]
[WhiteElo "2514"]
[BlackElo "2713"]
[PlyCount "76"]
[EventDate "2019.07.20"]

1. e4 c5 2. Nf3 d6 3. d4 cxd4 4. Nxd4 Nf6 5. Nc3 a6 6. Be3 e5 7. Nf3 Be7 8. Bc4
Qc7 9. Bb3 O-O 10. O-O Be6 11. Qe2 Rc8 12. Rfd1 b5 13. Rac1 Nbd7 14. Bg5 h6 15.
Bxf6 Nxf6 16. Nd5 Nxd5 17. Bxd5 Bxd5 18. Rxd5 Qc4 19. Qxc4 Rxc4 20. Nd2 Ra4 21.
a3 Rc8 22. Kf1 Bg5 23. g3 Rc6 24. c3 Rxe4 25. f4 Bxf4 26. gxf4 Rxf4+ 27. Kg2 f5
28. Nb3 Rg4+ 29. Kh1 f4 30. Na5 Rb6 31. c4 f3 32. c5 dxc5 33. Rxe5 Rg2 34.
Rexc5 Re6 35. b4 Re4 36. Rg1 Ra2 37. Rh5 f2 38. Rf1 Ra1 0-1

[Event "52nd Biel Grandmaster 2019"]
[Site "Biel SUI"]
[Date "2019.07.22"]
[Round "1"]
[White "Vidit, S."]
[Black "Cori, J."]
[Result "1-0"]
[WhiteElo "2703"]
[BlackElo "2686"]
[PlyCount "79"]
[EventDate "2019.07.20"]

1. d4 Nf6 2. c4 e6 3. Nf3 Bb4+ 4. Bd2 Qe7 5. g3 O-O 6. Bg2 Bxd2+ 7. Qxd2 d6 8.
O-O e5 9. Nc3 Nc6 10. Nd5 Qd8 11. Rfd1 Re8 12. dxe5 Nxe5 13. Nxe5 Rxe5 14. Rac1
Bg4 15. Re1 Re8 16. Rc3 Rb8 17. e4 Nd7 18. f4 Be6 19. b3 a5 20. Rce3 Ra8 21.
Qd4 Rb8 22. Nc3 f6 23. Nb5 Ra8 24. Qd2 Qc8 25. Nd4 Bf7 26. Qc3 Qb8 27. h4 Qa7
28. Bh3 Rad8 29. Kh2 Qc5 30. g4 Nf8 31. g5 Ng6 32. Rf1 Nxh4 33. gxf6 gxf6 34.
Rg3+ Kf8 35. Ne6+ Bxe6 36. Qxf6+ Bf7 37. Qh6+ Ke7 38. Qxh4+ Kf8 39. Qh6+ Ke7
40. Rg7 1-0

[Event "52nd Biel Grandmaster 2019"]
[Site "Biel SUI"]
[Date "2019.07.22"]
[Round "1"]
[White "Abdusattorov, Nodirbek"]
[Black "Maghsoodloo, Parham"]
[Result "0-1"]
[WhiteElo "2598"]
[BlackElo "2656"]
[PlyCount "88"]
[EventDate "2019.07.20"]

1. e4 c5 2. Nf3 Nc6 3. d4 cxd4 4. Nxd4 Nf6 5. Nc3 d6 6. Bg5 e6 7. Qd2 a6 8.
O-O-O Bd7 9. f3 Nxd4 10. Qxd4 Be7 11. g4 Bc6 12. Be3 O-O 13. g5 Nd7 14. h4 b5
15. h5 Bxg5 16. Rg1 Bf6 17. Qxd6 Rc8 18. Qg3 b4 19. Bh6 g6 20. hxg6 hxg6 21. e5
Bxe5 22. f4 Bg7 23. Bxg7 Kxg7 24. Ne2 Qf6 25. Nd4 Nc5 26. Bh3 Be4 27. Kb1 Rfd8
28. Qe3 Rd5 29. f5 exf5 30. Nxf5+ Rxf5 31. Bxf5 Qxf5 32. Rd2 Qe5 33. Ka1 Re8
34. Re1 a5 35. Qh3 Qf5 36. Qg3 Re6 37. Rh2 Bd5 38. Rg1 Qe4 39. Rd1 Qf3 40. Qg1
Qe3 41. Qg4 Bf3 42. Qh4 Bh5 43. Rf1 Ne4 44. Rg2 Nd2 0-1

[Event "52nd Biel Grandmaster 2019"]
[Site "Biel SUI"]
[Date "2019.07.23"]
[Round "2"]
[White "Bogner, S."]
[Black "Maghsoodloo, Parham"]
[Result "1-0"]
[WhiteElo "2584"]
[BlackElo "2656"]
[PlyCount "81"]
[EventDate "2019.07.20"]

1. d4 d5 2. c4 e6 3. Nf3 a6 4. cxd5 exd5 5. Nc3 Nf6 6. Bg5 Be6 7. e3 Nbd7 8.
Bd3 Bd6 9. Qc2 c6 10. Bh4 Bg4 11. O-O-O Qc7 12. Kb1 h6 13. Rc1 g5 14. Bg3 O-O-O
15. Bxd6 Qxd6 16. Nd2 Kb8 17. Nb3 Nb6 18. Nc5 Nfd7 19. Qb3 Ka7 20. Qb4 Bh5 21.
Nxa6 Qxb4 22. Nxb4 Nc8 23. b3 Nd6 24. a4 f5 25. a5 Nb8 26. Na4 Be8 27. Nc5 Ne4
28. f3 Nd6 29. h4 Bf7 30. Kc2 Rdg8 31. hxg5 hxg5 32. Kd2 Be8 33. Ne6 g4 34. Nf4
Nd7 35. Be2 Nf6 36. Nbd3 b6 37. axb6+ Kxb6 38. Nc5 Nc8 39. Bd3 Ne7 40. Ra1 g3
41. Nfe6 1-0

[Event "52nd Biel Grandmaster 2019"]
[Site "Biel SUI"]
[Date "2019.07.23"]
[Round "2"]
[White "Cori, J."]
[Black "Abdusattorov, Nodirbek"]
[Result "1/2-1/2"]
[WhiteElo "2686"]
[BlackElo "2598"]
[PlyCount "80"]
[EventDate "2019.07.20"]

1. d4 Nf6 2. c4 e6 3. Nf3 b6 4. g3 Bb7 5. Bg2 Be7 6. O-O O-O 7. Bf4 d6 8. Nc3
Ne4 9. Rc1 Nd7 10. d5 Nxc3 11. Rxc3 e5 12. Bc1 a5 13. e4 Nc5 14. Ne1 c6 15. Nd3
cxd5 16. Nxc5 bxc5 17. cxd5 Bg5 18. Bxg5 Qxg5 19. f4 Qe7 20. f5 f6 21. h4 Ba6
22. Rf2 Rfb8 23. g4 Rb4 24. Rg3 Rab8 25. Qc1 Qb7 26. g5 Rxb2 27. Rxb2 Qxb2 28.
Qxb2 Rxb2 29. gxf6 Rb7 30. Kf2 Bc4 31. fxg7 Rxg7 32. Rxg7+ Kxg7 33. a3 Bd3 34.
Ke3 c4 35. Bf3 Bb1 36. Kd2 Kf6 37. Kc3 Bd3 38. Kd2 Bb1 39. Kc3 Bd3 40. Kd2 Bb1
1/2-1/2

[Event "52nd Biel Grandmaster 2019"]
[Site "Biel SUI"]
[Date "2019.07.23"]
[Round "2"]
[White "Shankland, S."]
[Black "Vidit, S."]
[Result "1/2-1/2"]
[WhiteElo "2713"]
[BlackElo "2703"]
[PlyCount "85"]
[EventDate "2019.07.20"]

1. c4 Nf6 2. Nf3 e6 3. b3 d5 4. Bb2 Be7 5. e3 O-O 6. Nc3 b6 7. cxd5 exd5 8. d4
Bb7 9. Bd3 Nbd7 10. O-O a6 11. Ne2 Bd6 12. Ng3 g6 13. Ne5 Qe7 14. f4 Ne4 15.
Bxe4 dxe4 16. Nxd7 Qxd7 17. d5 Be7 18. f5 f6 19. fxg6 hxg6 20. Nxe4 Qxd5 21.
Qxd5+ Bxd5 22. Nxf6+ Bxf6 23. Bxf6 Rae8 24. Rad1 c6 25. Rd4 Re4 26. Rxe4 Bxe4
27. Rf4 Bf5 28. Bc3 Bd3 29. h3 Rxf4 30. exf4 a5 31. Be5 b5 32. Bc7 b4 33. Bxa5
Bb1 34. Bxb4 Bxa2 35. Kf2 Bxb3 36. g4 Bc4 37. Kg3 Bf1 38. h4 Bd3 39. Kf3 Kf7
40. Bc3 Bc2 41. Ke2 c5 42. Bb2 Ke8 43. Ke1 1/2-1/2

[Event "52nd Biel Grandmaster 2019"]
[Site "Biel SUI"]
[Date "2019.07.23"]
[Round "2"]
[White "Leko, P."]
[Black "Georgiadis, N."]
[Result "1/2-1/2"]
[WhiteElo "2674"]
[BlackElo "2514"]
[PlyCount "201"]
[EventDate "2019.07.20"]

1. d4 d5 2. c4 e6 3. Nc3 Bb4 4. cxd5 exd5 5. Bf4 Ne7 6. e3 O-O 7. Nf3 c6 8. Qb3
Bd6 9. Bxd6 Qxd6 10. Bd3 b6 11. Qc2 h6 12. O-O Ba6 13. Ne5 Bxd3 14. Nxd3 Nd7
15. Rfd1 Rfd8 16. Rac1 Rac8 17. b4 Nf8 18. a4 Ne6 19. h3 Ng6 20. a5 bxa5 21.
bxa5 c5 22. dxc5 Qa6 23. Ne2 d4 24. e4 Qxa5 25. f4 Nxc5 26. Nxc5 d3 27. Rxd3
Rxd3 28. Qxd3 Rxc5 29. Rd1 Qa4 30. Rb1 Rc8 31. Rb7 Qc4 32. Qd5 Qxd5 33. exd5
Rd8 34. Rb5 Kf8 35. Kf2 a6 36. Ra5 Rd6 37. Ke3 Ne7 38. Nc3 Ke8 39. g4 Kd7 40.
Ne4 Rxd5 41. Rxa6 f5 42. Ng3 fxg4 43. hxg4 Ke8 44. Ne4 Kf7 45. f5 h5 46. Ng5+
Ke8 47. Ne6 Kf7 48. Ra8 Nxf5+ 49. gxf5 Rxf5 50. Nf4 Rb5 51. Ra7+ Kf6 52. Ra6+
Kf7 53. Nd3 h4 54. Ke4 h3 55. Nf2 h2 56. Ra1 Rh5 57. Rh1 Ke6 58. Kf4 g5+ 59.
Kg3 g4 60. Nxg4 Rh8 61. Nxh2 Kd5 62. Rd1+ Ke4 63. Ng4 Rf8 64. Re1+ Kd4 65. Ne3
Rg8+ 66. Kf4 Rf8+ 67. Nf5+ Kd3 68. Rd1+ Kc2 69. Rd7 Kc3 70. Ke4 Re8+ 71. Ne7
Rh8 72. Rc7+ Kb3 73. Nf5 Kb4 74. Nd6 Rh4+ 75. Kd5 Rh5+ 76. Kd4 Rh4+ 77. Ne4 Kb5
78. Rc5+ Kb6 79. Re5 Rh1 80. Re6+ Kc7 81. Nc3 Kd7 82. Ra6 Rc1 83. Rh6 Ra1 84.
Ke5 Rg1 85. Rd6+ Ke8 86. Nd5 Re1+ 87. Kf5 Rf1+ 88. Nf4 Ke7 89. Rd4 Rf2 90. Rd1
Rf3 91. Rd2 Rf1 92. Rd3 Rf2 93. Ke5 Rf1 94. Nd5+ Kf7 95. Ra3 Re1+ 96. Ne3 Kg6
97. Kf4 Kf7 98. Kf5 Ke7 99. Rd3 Ra1 100. Ke5 Re1 101. Ke4 1/2-1/2

[Event "52nd Biel Grandmaster 2019"]
[Site "Biel SUI"]
[Date "2019.07.24"]
[Round "3"]
[White "Vidit, S."]
[Black "Leko, P."]
[Result "1-0"]
[WhiteElo "2703"]
[BlackElo "2674"]
[PlyCount "117"]
[EventDate "2019.07.20"]

1. c4 c5 2. g3 g6 3. Bg2 Bg7 4. Nc3 Nc6 5. Nf3 d6 6. O-O Rb8 7. a3 a6 8. Rb1 b5
9. cxb5 axb5 10. b4 cxb4 11. axb4 Nf6 12. d4 Bf5 13. Rb3 d5 14. Ne5 Qb6 15. Be3
Be6 16. Nd3 O-O 17. Nc5 Rfd8 18. Ra3 Ra8 19. Rxa8 Rxa8 20. Qb3 Qd8 21. Rc1 Rc8
22. Nxb5 Qb6 23. Nxe6 fxe6 24. Bh3 Kf7 25. Rc5 Ra8 26. Bf4 Nd8 27. Bc7 Qb7 28.
Qf3 Bh6 29. Be5 Bg7 30. Kg2 h5 31. g4 hxg4 32. Bxg4 Ra4 33. Qb3 Ra6 34. Bxf6
Bxf6 35. e3 Rb6 36. Be2 Nc6 37. Qa4 Kg7 38. f4 Ra6 39. Qb3 Rb6 40. Bd3 Na7 41.
Nc7 Rxb4 42. Nxe6+ Kf7 43. Nd8+ Kg7 44. Qxd5 Qxd5+ 45. Rxd5 Rb3 46. Ne6+ Kh6
47. Nc5 Rb2+ 48. Kg3 Nc6 49. Rd7 Nb4 50. Bc4 Nc2 51. Nd3 Rb1 52. Kf3 g5 53.
fxg5+ Bxg5 54. Ne5 Kg7 55. Rd8 Bxe3 56. Rg8+ Kh7 57. Rg6 Rb8 58. Bd3 Rf8+ 59.
Rf6+ 1-0

[Event "52nd Biel Grandmaster 2019"]
[Site "Biel SUI"]
[Date "2019.07.24"]
[Round "3"]
[White "Abdusattorov, Nodirbek"]
[Black "Shankland, S."]
[Result "1-0"]
[WhiteElo "2598"]
[BlackElo "2713"]
[PlyCount "87"]
[EventDate "2019.07.20"]

1. e4 e5 2. Nf3 Nc6 3. Bb5 Nf6 4. d3 Bc5 5. c3 O-O 6. O-O Re8 7. Nbd2 a6 8.
Bxc6 dxc6 9. Nb3 Bf8 10. Na5 Nd7 11. Bg5 f6 12. Be3 Kh8 13. Nh4 g6 14. Qd2 Be7
15. Nf3 c5 16. a4 Nb8 17. d4 c6 18. Nc4 b5 19. axb5 cxb5 20. Na5 exd4 21. cxd4
c4 22. d5 Kg8 23. Rfe1 Bg4 24. Nd4 Bd6 25. Nb7 Bxh2+ 26. Kxh2 Qc7+ 27. Bf4 Qxb7
28. f3 Bc8 29. Qa5 Bd7 30. Ra3 Rc8 31. Rae3 Be8 32. Ne6 Nd7 33. Nc7 Ra7 34. d6
Qb6 35. Qxb6 Nxb6 36. e5 fxe5 37. Rxe5 Bf7 38. Be3 Rb7 39. Bxb6 Rxb6 40. d7 Rf8
41. Ne8 Rb8 42. Re7 g5 43. R1e5 h6 44. Nd6 1-0

[Event "52nd Biel Grandmaster 2019"]
[Site "Biel SUI"]
[Date "2019.07.24"]
[Round "3"]
[White "Maghsoodloo, Parham"]
[Black "Cori, J."]
[Result "0-1"]
[WhiteElo "2656"]
[BlackElo "2686"]
[PlyCount "84"]
[EventDate "2019.07.20"]

1. e4 e6 2. d4 d5 3. e5 c5 4. c3 Nc6 5. Nf3 Bd7 6. Be2 f6 7. O-O fxe5 8. Nxe5
Nxe5 9. dxe5 Qc7 10. c4 d4 11. Bf4 Ne7 12. Bd3 O-O-O 13. Nd2 h6 14. Ne4 Nf5 15.
h3 g5 16. Bh2 Bc6 17. Re1 Be7 18. Nf6 h5 19. Nxh5 Nh4 20. Re4 Bxe4 21. Bxe4 d3
22. Nf6 Rd4 23. Qg4 Nf5 24. Bxf5 Rxg4 25. Bxe6+ Kd8 26. Nxg4 Qb6 27. Bf5 Qxb2
28. Rd1 d2 29. Kf1 Qxa2 30. Be6 Kc7 31. Ne3 Rd8 32. Ke2 Rd4 33. Nf5 Qc2 34. f3
Qd3+ 35. Kf2 Kd8 36. g4 a5 37. h4 gxh4 38. Bd5 a4 39. e6 a3 40. Be5 a2 41. f4
Qc2 42. Nxe7 Qxd1 0-1

[Event "52nd Biel Grandmaster 2019"]
[Site "Biel SUI"]
[Date "2019.07.25"]
[Round "4"]
[White "Bogner, S."]
[Black "Cori, J."]
[Result "1/2-1/2"]
[WhiteElo "2584"]
[BlackElo "2686"]
[PlyCount "122"]
[EventDate "2019.07.20"]

1. d4 Nf6 2. c4 e6 3. g3 Be7 4. Bg2 d5 5. Nf3 O-O 6. O-O Nbd7 7. Qc2 c6 8. b3
b6 9. Bb2 Bb7 10. Nc3 Rc8 11. e4 Nxe4 12. Nxe4 dxe4 13. Qxe4 Qc7 14. Rad1 Rfd8
15. Qe2 a5 16. Rd2 a4 17. Rfd1 axb3 18. axb3 Re8 19. Rd3 h6 20. Re3 Red8 21. h4
Bf6 22. Nd2 Ra8 23. Ne4 Be7 24. Nc3 Nf6 25. Red3 Ra5 26. Qd2 Bb4 27. Qc2 Raa8
28. Ne2 Be7 29. Nc3 b5 30. R3d2 bxc4 31. bxc4 Qa5 32. Rb1 Qc7 33. Rdd1 Ba6 34.
Na4 Rab8 35. Ra1 Nd7 36. Ba3 Bxa3 37. Rxa3 Rb4 38. Bf1 Rdb8 39. Qc3 Bc8 40. Be2
Rb1 41. Rxb1 Rxb1+ 42. Kg2 Rb8 43. c5 e5 44. dxe5 Nxe5 45. Nb6 Bf5 46. Qd4 Rd8
47. Qf4 Be6 48. Nc4 Bd5+ 49. Kh2 f6 50. Nxe5 fxe5 51. Qe3 Qf7 52. Kg1 Qf5 53.
Bf3 Qxf3 54. Qxf3 Bxf3 55. Rxf3 Rd1+ 56. Kg2 Rc1 57. Rf5 Rxc5 58. h5 Rc1 59.
Rxe5 Kf7 60. f4 c5 61. g4 Rc2+ 1/2-1/2